| 000 | 01004naa a2200289 c 4500 | ||
|---|---|---|---|
| 001 | 34463 | ||
| 003 | ES-MaCES | ||
| 005 | 20141221114130.0 | ||
| 008 | 041201n2004 sp t 000 | spa d | ||
| 035 | _aCES20040007445v | ||
| 040 |
_aES-MaCES _bspa _cES-MaCES |
||
| 100 | 1 |
_aAlonso Ibañez, María del Rosario _96027 |
|
| 245 | 1 | 3 |
_aLa articulación urbanística del fomento de la vivienda protegida _cMaría Rosario Alonso Ibáñez |
| 650 | 4 |
_aEspaña _926964 |
|
| 650 | 4 |
_aurbanización _928625 |
|
| 650 | 4 |
_alegislación _927153 |
|
| 650 | 4 |
_asubsidio a la vivienda _930425 |
|
| 650 | 4 |
_apolítica de vivienda _929419 |
|
| 650 | 4 |
_aprecio _927915 |
|
| 650 | 4 |
_asuelo _928798 |
|
| 650 | 4 |
_avivienda _928598 |
|
| 653 | 1 | 0 | _aVivienda-Construcción-Urbanismo |
| 773 | 0 |
_tRevista de urbanismo y edificación _gn. 9 (2004-1){55/911 R. 057755}; p. 15-43 _w(ES-MaCES)25876 _976442 |
|
| 902 | _aART Artículo de revista | ||
| 942 |
_2CES _cAR _h5.2. |
||
| 999 |
_c34463 _d34463 |
||